| 000 | 00537nam a2200205Ia 4500 | ||
|---|---|---|---|
| 008 | 180523s9999 xx 000 0 und d | ||
| 020 | _a1-59918-021-9 | ||
| 050 | _aMAIN HF 5429.23 | ||
| 050 | _b.M38 2006 | ||
| 100 | _aMathews, Joe. | ||
| 245 | 0 | _aStreet smart franchising / | |
| 245 | 0 | _cJoe Mathewsm Don Debolt and Deb Percival. | |
| 260 | _aCanada : | ||
| 260 | _bEntrepreneur Press, | ||
| 260 | _c2006 | ||
| 300 | _a234 pages : | ||
| 300 | _c23 cm. | ||
| 500 | _aIncludes index. | ||
| 650 | _aFranchises (Retail trade). | ||
| 999 |
_c357100 _d357100 |
||